अपने सपनों को जानें / (Record no. 52839)

MARC details
000 -LEADER
fixed length control field 01099nam a22002657a 4500
005 - DATE AND TIME OF LATEST TRANSACTION
control field 20080905121451.0
008 - FIXED-LENGTH DATA ELEMENTS--GENERAL INFORMATION
fixed length control field 110608t xxu||||| |||| 00| 0 hin d
010 ## - LCCN (DPL NO)
LC control number HIN-92899
020 ## - INTERNATIONAL STANDARD BOOK NUMBER
Terms of availability 250.00
International Standard Book Number 8190419544
035 ## - SYSTEM CONTROL NUMBER
System control number HN-65245
037 ## - SOURCE OF ACQUISITION
Source of stock number/acquisition DBAD / PUB
040 ## - CATALOGING SOURCE
Original cataloging agency DPL
Language of cataloging HN
082 ## - DEWEY DECIMAL CLASSIFICATION NUMBER
Classification number 158.1
100 ## - MAIN ENTRY--PERSONAL NAME
9 (RLIN) 28442
Personal name शर्मा, दुर्गेश
245 ## - TITLE STATEMENT
Title अपने सपनों को जानें /
Statement of responsibility, etc दुर्गेश शर्मा
260 ## - PUBLICATION, DISTRIBUTION, ETC. (IMPRINT)
Place of publication, distribution, etc दिल्ली
Name of publisher, distributor, etc हिमालय प्रकाशन
Date of publication, distribution, etc 2011
270 ## - ADDRESS
Address ए-76/4, गली नं-12, ईस्ट आजाद नगर
City दिल्ली
Postal code 110051
300 ## - PHYSICAL DESCRIPTION
Extent 176पृ
Dimensions 22सेमी (सजिल्द)
Other physical details सचित्र
650 ## - SUBJECT ADDED ENTRY--TOPICAL TERM
9 (RLIN) 28443
650 ## - SUBJECT ADDED ENTRY--TOPICAL TERM
9 (RLIN) 28455
700 ## - ADDED ENTRY--PERSONAL NAME
9 (RLIN) 28521
700 ## - ADDED ENTRY--PERSONAL NAME
9 (RLIN) 28536
942 ## - ADDED ENTRY ELEMENTS (KOHA)
Institution code [OBSOLETE] dpl
Item type Hindi Books
Source of classification or shelving scheme Dewey Decimal Classification
Call number suffix शर्मादु
Classification part 158.1
Holdings
Withdrawn status Lost status Source of classification or shelving scheme Damaged status Not for loan Collection code Home library Current library Date acquired Source of acquisition Cost, normal purchase price Total Checkouts Full call number Barcode Date last seen Copy number Cost, replacement price Koha item type
    Dewey Decimal Classification   Not For Loan Non-fiction D.B.Act.Division D.B.Act.Division 13/06/2011 DBAD / PUB 250.00   158.1 शर्मादु HN-65245 13/06/2011 1 250.00 Hindi Books

© Delhi Public Library
Hit Counter
free hit counter